000
00299 a2200109 4500
001
ART_11179
005
20260410161855.0
008
260409a
245
1
0
_a
Tiempo de inflación
100
1
_a
Sennholz, Hans F.
773
0
_t
Revista de Economía
_g
- Nº 36 (mar. 1983)
_w
REV11077
999
_c
25375
_d
25375